LDR 00880naa#a2200205#i#450# 001 RU\\bibl\119892 005 20260605073114.5 011 ## _a2500-4026 100 ## _a20190331b2019####ek#y0rusy0150####ca 101 0# _aRUS 102 ## _aRU 200 1# _aМОДЕЛИРОВАНИЕ ПОЖАРОВ В МАШИННЫХ ОТДЕЛЕНИЯХ ОБЪЕКТОВ ТЕПЛОЭНЕРГЕТИЧЕСКОГО КОМПЛЕКСА _eЖурнальная статья 210 1# _aЖелезногорск _cФГБОУ ВО Сибирская пожарно-спасательная академия ГПС МЧС России _d2019 215 ## _a6 с. 608 ## _aЖурнальная статья _2local 675 ## _aжидких веществ. 614.841.412 _zRUS 700 #1 _aПожаркова _gИ Н 700 #1 _aЕлфимова _gМ В 700 #1 _aЛагунов _gА Н 856 4# _aapbt-sibpsa.editorum.ru _u